| 000 | 01050nam a2200277 a 4500 | ||
|---|---|---|---|
| 001 | 000025474 | ||
| 005 | 20200930023820.0 | ||
| 008 | 110214s1979 mx r 000 0 spa d | ||
| 020 | _a9682304083 | ||
| 020 | _a9682304091 (v. 2) | ||
| 040 |
_aDO-SdBNP _bspa _cBNPHU |
||
| 041 | 1 | 7 |
_aspa _hfre _2Código de idiomas MARC |
| 082 |
_ann* _bnn* |
||
| 100 | 1 |
_aBettelheim, Charles. _952101 |
|
| 240 | 1 | 4 |
_aLes luttes de classes en urss. deuxième période 1923-1930. _lEspañol |
| 245 | 1 | 4 |
_aLas luchas de clases en la URSS : _bsegundo período, 1923-1930 / _cCharles Bettelheim ; traducción de Fernanco Claudín. |
| 250 | _a2a ed. | ||
| 260 |
_aMéxico, D. F. : _bSiglo Veintiuno, _c1979. |
||
| 300 |
_a573 p. ; _c21 cm. |
||
| 490 | 1 | _aSociología y política | |
| 534 |
_aTítulo original : _tLes luttes de classes en urss. deuxième période 1923-1930 |
||
| 500 | _aIncluye referencias bibliográficas y notas al pie de las páginas. | ||
| 700 | 1 |
_aClaudín, Fernando, _etr. _952102 |
|
| 830 | 0 |
_aSociología y política _917789 |
|
| 049 | _aBNGR | ||
| 999 |
_c24966 _d24966 |
||